00830nam a2200229 a 450000100100000000500170001000800410002704000250006808200130009310000170010624000400012324501010016326000630026430000210032749000290034853400630037750400410044050400460048170000270052770000170055483000290057100002337920200930022158.0101206s1969 ag 000 0 spa d aDO-SdBNPbspacBNPHU ann*bnn*1 aYauch, W. A.10aTeacher´s encyclopedia.lEspañol14aLas relaciones humanas y la escuela /cW. A. Yauch y G. C. Fusco ; traducción Leandro Wolfson. aBuenos Aires :bCentro Regional de Ayuda Técnica,c1969. a128 p. ;c18 cm.1 aAlianza para el Progreso aTítulo del original inglés :tTeacher´s encyclopedia. aBibliografía seleccionada : 124 p. aBibliografía en castellano : 125-128 p.1 aWolfson, Leandro,etr.1 aFusco, G. C. 0aAlianza para el Progreso